| 000 | 01147naa a22003137a 4500 | ||
|---|---|---|---|
| 001 | BR9210830 | ||
| 003 | BR-BrBNA | ||
| 005 | 20250721155416.0 | ||
| 007 | ta | ||
| 008 | 250630b bl.|||m| |||| 00| 0 por d | ||
| 040 |
_aBR-BrBNA _bpor _cBiblioteca Nacional de Agricultura |
||
| 041 | _a(Pt) | ||
| 072 |
_aF30 _b2480 _bG514 |
||
| 090 | _aF30 BR9210830 | ||
| 100 | 1 | _aPaiva, J.R. de | |
| 100 | 1 | _aTeixeira, L.O.A. | |
| 100 | 1 | _aValois, A.C.C. | |
| 100 | 1 | _aGoncalves, P. de S. | |
| 111 | 1 |
_a1. Simposio do Tropico Umido _cBelem, PA (Brazil) _d12-17 Nov 1984 |
|
| 245 | 1 | _aAproveitamento dos recursos geneticos da seringueira | |
| 500 | _aAnais do 1. Simposio do Tropico Umido Brasilia, DF (Brasil): 1986. p. 105-112 [24 ref.; Summaries (En, Pt)] (BR9210830-AMS) | ||
| 773 | 0 |
_tAnais do 1. Simposio do Tropico Umido _b _wF30 BR9210830 _gBrasilia, DF (Brasil), 1986. p. 105-112 |
|
| 650 | _aSERINGUEIRA | ||
| 650 | _aGERMOPLASMA | ||
| 650 | _aMELHORAMENTO GENETICO VEGETAL | ||
| 490 |
_aDocumentos - Centro de Pesquisa Agropecuaria do Tropico Umido (Brazil) _vno. 36 |
||
| 942 |
_cAMS _2AGRIS |
||
| 909 |
_a202506 _bLúcia _c55 _dLúcia Elande |
||
| 999 |
_c336339 _d336339 |
||